Operaciones en moneda extranjera. Sus implicancias impositivas (Registro nro. 13497)

Detalles MARC
000 -LEADER
fixed length control field 00345 a2200109 4500
001 - CONTROL NUMBER
control field ART_9305
005 - DATE AND TIME OF LATEST TRANSACTION
control field 20260410161643.0
008 - FIXED-LENGTH DATA ELEMENTS--GENERAL INFORMATION
fixed length control field 260409a
100 1# - MAIN ENTRY--PERSONAL NAME
Personal name Perelli, Eduardo
245 10 - TITLE STATEMENT
Title Operaciones en moneda extranjera. Sus implicancias impositivas
773 0# - HOST ITEM ENTRY
Title Consultor tributario
Related parts - Año 6, Nº 67 (sep. 2012)
Record control number REV474

No hay ítems disponibles.